<?xml version="1.0" encoding="UTF-8"?><?xml-stylesheet type="text/xsl" href="static/style.xsl"?><OAI-PMH xmlns="http://www.openarchives.org/OAI/2.0/" xmlns:xsi="http://www.w3.org/2001/XMLSchema-instance" xsi:schemaLocation="http://www.openarchives.org/OAI/2.0/ http://www.openarchives.org/OAI/2.0/OAI-PMH.xsd"><responseDate>2026-04-17T21:36:47Z</responseDate><request verb="GetRecord" identifier="oai:www.recercat.cat:2117/115339" metadataPrefix="marc">https://recercat.cat/oai/request</request><GetRecord><record><header><identifier>oai:recercat.cat:2117/115339</identifier><datestamp>2025-07-22T21:05:48Z</datestamp><setSpec>com_2072_1033</setSpec><setSpec>col_2072_452951</setSpec></header><metadata><record xmlns="http://www.loc.gov/MARC21/slim" xmlns:dcterms="http://purl.org/dc/terms/" xmlns:xsi="http://www.w3.org/2001/XMLSchema-instance" xmlns:doc="http://www.lyncode.com/xoai" xsi:schemaLocation="http://www.loc.gov/MARC21/slim http://www.loc.gov/standards/marcxml/schema/MARC21slim.xsd">
   <leader>00925njm 22002777a 4500</leader>
   <datafield ind2=" " ind1=" " tag="042">
      <subfield code="a">dc</subfield>
   </datafield>
   <datafield ind2=" " ind1=" " tag="720">
      <subfield code="a">Gris Trillo, María</subfield>
      <subfield code="e">author</subfield>
   </datafield>
   <datafield ind2=" " ind1=" " tag="260">
      <subfield code="c">2018-01-18</subfield>
   </datafield>
   <datafield ind2=" " ind1=" " tag="520">
      <subfield code="a">Aquest projecte presenta una eina matemàtica per l’anàlisi tècnic-econòmic dels sistemes de&#xd;
transmissió de potència per a parcs eòlics marins. L’objectiu del present treball és&#xd;
determinar la tecnologia de transmissió de potència més adequada per a un conjunt de&#xd;
característiques del parc eòlic marí donades.&#xd;
S’estudien els costos i les pèrdues de dues tecnologies proposades: High Voltage&#xd;
Alternating Current (HVAC) i High Voltage Direct Current (HVDC) a partir de convertidors de&#xd;
font de tensió (VSC). Es modelen els costos dels principals components del sistema de&#xd;
transmissió utilitzant funcions de costos publicades o bé generant-ne noves mitjançant&#xd;
dades disponibles.&#xd;
S’analitza també la tecnologia d’aïllament amb gas GIL (Gas Insulated Line) de manera&#xd;
independent sense incloure-la en l’eina matemàtica donades les diferències significatives en&#xd;
quant a capacitats de potència amb les altres tecnologies i per la manca de suficients dades&#xd;
per formular funcions de costos amb fiabilitat. Es du a terme una comparació quantitativa i&#xd;
qualitativa amb la tecnologia HVDC capaç d’assolir valors semblants que la GIL.&#xd;
Els mètodes emprats són purament matemàtics basant-se en les dades públiques&#xd;
disponibles.&#xd;
Amb el creixent protagonisme de l’energia eòlica en l’oferta energètica cal garantir uns&#xd;
sistemes de transmissió prou potents i fiables. Mentre que és necessari optimitzar les&#xd;
tecnologies ja existents (HVAC i HVDC), és fonamental fer especial atenció al&#xd;
desenvolupament de noves enginyeries que prometen transformar el futur dels sistemes de&#xd;
transmissió elevant les capacitats i les distàncies abaixant les pèrdues i els costos.</subfield>
   </datafield>
   <datafield tag="653" ind2=" " ind1=" ">
      <subfield code="a">Àrees temàtiques de la UPC::Energies</subfield>
   </datafield>
   <datafield tag="653" ind2=" " ind1=" ">
      <subfield code="a">Offshore wind power plants</subfield>
   </datafield>
   <datafield tag="653" ind2=" " ind1=" ">
      <subfield code="a">Parcs eòlics marins</subfield>
   </datafield>
   <datafield ind2="0" ind1="0" tag="245">
      <subfield code="a">Estudi tècnic-econòmic de les diferents alternatives per a la transmissió de potència en parcs eòlics marins</subfield>
   </datafield>
</record></metadata></record></GetRecord></OAI-PMH>